000 00498nam a2200181 i 4500
001 29410
003 ES-MaACL
005 20230906154030.0
007 t|
008 030121s1975 sp ||||1| spa d
100 1 _aBallesteros Gaibrois, Mercedes,
_d1913-1995
_925057
245 1 3 _aEl personal /
_cMercedes Ballesteros.
250 _a1ยช ed.
260 _a[Barcelona] :
_bDestino,
_c[1975]
300 _a222 p. ;
_c19 cm.
852 _aES-MaACL
_jA-7481
_bR.96415
999 _c29410
_d29410